000
00465nam a2200181Ia 4500
008
090124s9999 xx 000 0 und d
082
_b
120560
100
_a
भोगले प्रभाकर
245
_a
शाली
250
_a
1
260
_c
1984
300
_a
271
600
_a
भोगले प्रभाकर
630
_a
शाली
700
_a
भोगले प्रभाकर
730
_a
शाली
942
_c
BOOK
999
_c
166646
_d
166646